01768nam a22003857a 4500003000400000005001700004008004100021040002200062082001400084100004700098245004500145260005600190300001800246366000800264490002700272505004900299505003100348505002600379505022100405505002500626505007100651505002800722505015300750505006000903505001200963650004100975650005001016650004301066650004801109650004301157650004401200650004801244650004701292650004301339OSt20230413140047.0221006b |||||||| |||| 00| 0 eng d cBiblioteca Lado V a700bK41a aAcosta de Arriba, Rafaeleeditoredirector aArte Cubano/bRevista de Artes Visuales/ bConsejo Nacional de las Artes Plasticasc2002aCuba c22x32cma78p. espa v2002a2 y 3x1024 8439 tMarcelo Pogolotti La visualidad non e finita tEl grado cero de la utopia tLa espada y la cuerda tRuta CriticaaArte rodante Intercambio miradas: Una exposicion de arte de Cuba en Hamburgo Dicciones de alquimia: La obra de Ernesto Benitez El arte de las cautelas o las cautelas del arte Otra vuelta de pintura  tDossier Wilfredo Lam tPensando Alto A cargo de Magaly EspinosaaRuptura y restauraciones tHistorietaaLa renuncia tEntrevista/Leandro SotoaHago todo lo posible por estar despierto Di con quien andas y sabre quien eres De piedras y apel: testigos necesarios  tOtros espacios...aEl diseno del libro cubano en los 90 tSummary 2Tesauro de Arte & ArquitecturaaARTE 2Tesauro de Arte & ArquitecturaaEXPOSICIONES  2Tesauro de Arte & ArquitecturaaBIENAL 2Tesauro de Arte & ArquitecturaaAPRECIACION 2Tesauro de Arte & ArquitecturaaTEORIA 2Tesauro de Arte & ArquitecturaaCRITICA 2Tesauro de Arte & ArquitecturaaFOTOGRAFIA  2Tesauro de Arte & ArquitecturaaLITERATURA 2Tesauro de Arte & ArquitecturaaCUBANO